| 000 | 00599nam a22002177a 4500 | ||
|---|---|---|---|
| 003 | OSt | ||
| 005 | 20220817114121.0 | ||
| 008 | 220817b |||||||| |||| 00| 0 eng d | ||
| 020 | _a9781121913974 | ||
| 040 | _cIFM Library | ||
| 082 | _a658.5 STE | ||
| 100 |
_aStevenson, William _93350 |
||
| 245 | _aOperation Management;theory and practice | ||
| 250 | _a11th Edition | ||
| 260 |
_aNew York : _bMcGraw Hill, _c2013 |
||
| 300 |
_av, 910 p.: ill.; 28cm _eCd |
||
| 490 | _aafrican edition | ||
| 500 | _aIncludes Index. | ||
| 650 |
_aOperations Management. _92876 |
||
| 942 |
_cBK _2ddc _e11th ed. _n0 |
||
| 999 |
_c16128 _d16128 |
||